000 00382nam a2200145Ia 4500
008 230917s9999||||xx |||||||||||||| ||und||
040 _e40310
_aMAIN
041 _aEnglish
082 _a809.3876 R72S
100 _aRose, Mark, ed.
245 0 _aScience fiction: A collection of critical essays
260 _aNew Jersey
_bPrentice-Hall
_c1976
300 _ax, 174 p.
942 _cBK
999 _c174716
_d174716